ბათუმის შოთა რუსთაველის სახელმწიფო უნივერსიტეტის ბიბლიოთეკა

The Athenian Murders. (ბიბ.ჩანაწერი № 44786)

000 -LEADER
fixed length control field 00492nam a2200217Ia 4500
001 - CONTROL NUMBER
control field 11591
003 - CONTROL NUMBER IDENTIFIER
control field GE_BSU
008 - FIXED-LENGTH DATA ELEMENTS--GENERAL INFORMATION
fixed length control field 181216s||||||||xx |||||||||||||| ||und||
020 ## - INTERNATIONAL STANDARD BOOK NUMBER
International Standard Book Number 0349113866
040 ## - CATALOGING SOURCE
Transcribing agency GE_BSU
080 ## - UNIVERSAL DECIMAL CLASSIFICATION NUMBER
Universal Decimal Classification number 821.111-312
100 ## - MAIN ENTRY--PERSONAL NAME
Personal name Somoza,Jose Carlos.
245 #4 - TITLE STATEMENT
Title The Athenian Murders.
245 ## - TITLE STATEMENT
Statement of responsibility, etc. Translated by Sonia Soto.
260 ## - PUBLICATION, DISTRIBUTION, ETC.
Place of publication, distribution, etc. London
260 ## - PUBLICATION, DISTRIBUTION, ETC.
Name of publisher, distributor, etc. Abacus.
260 ## - PUBLICATION, DISTRIBUTION, ETC.
Date of publication, distribution, etc. 2002.
300 ## - PHYSICAL DESCRIPTION
Extent 314p;22cm.
653 ## - INDEX TERM--UNCONTROLLED
Uncontrolled term The Athenian Murders.
942 ## - ADDED ENTRY ELEMENTS (KOHA)
Koha item type წიგნი
ეგზემპლარები
Withdrawn status Lost status Damaged status Not for loan Date acquired Barcode Date last seen Price effective from Koha item type
        2018-12-17 35538 2018-12-17 2018-12-17 წიგნი